Любовь и романтические отношения в китайской литературе времён "культурной революции"; Актуальные проблемы гуманитарных наук

التفاصيل البيبلوغرافية
Parent link:Актуальные проблемы гуманитарных наук.— 2008.— С. 252-253
المؤلف الرئيسي: Боженко Е. А.
اللغة:الروسية
منشور في: 2008
الموضوعات:
التنسيق: فصل الكتاب
KOHA link:https://koha.lib.tpu.ru/cgi-bin/koha/opac-detail.pl?biblionumber=186006

MARC

LEADER 00000naa2a2200000 4500
001 186006
005 20231031173327.0
035 |a (RuTPU)RU\TPU\book\201827 
090 |a 186006 
100 |a 20101020d2008 k y0rusy50 ca 
101 0 |a rus 
102 |a RU 
200 1 |a Любовь и романтические отношения в китайской литературе времён "культурной революции"  |f Е. А. Боженко 
320 |a Библиогр.: 3 назв. 
463 0 |0 (RuTPU)RU\TPU\book\194420  |t Актуальные проблемы гуманитарных наук  |o сборник научных трудов  |f Томский политехнический университет (ТПУ)   |v С. 252-253  |d 2008  |p 562 с. 
610 1 |a китайская литература 
610 1 |a любовь 
610 1 |a культурная революция 
610 1 |a любовные романы 
610 1 |a труды учёных ТПУ 
700 1 |a Боженко  |b Е. А. 
801 1 |a RU  |b 63413507  |c 20101020 
942 |c BK